00684 2200253 4500001002100000005001700021008004100038020001800079035002400097041000800121043001500129082001100144090001600155245006700171250001100238260003300249300001900282500003900301650002100340700001500361850001200376990002100388990002100409YOGYA-0209000004162520090227025805.0 ind  a979-3731-10-9 0010-020900000041625 aInd aYOPDYOG(m) a808.81 a808.81bSit aSITOR Situmorangbkumpulan sajak 1980-2005ceditor, J.J. Rizal aCet. 1 aDepokbKomunitas Bambuc2006 a...bukuc21 cm aYang diterima Buku 1, 2 (1980-2005 aSajak - Kumpulan aRizal, J.J aYOPDYOG a22491-PD/A.07b1 a22492-PD/A.07b1